000 00619nam a22002177a 4500
003 UA-OsUOA
001 42098
007 ta
008 20061024b un ||||| |||| 00| 0 ukr d
090 _a908(477,8)
_bМ34
942 _cBK
040 _aUA-OsUOA
_bukr
_cUA-OsUOA
_dUA-OsUOA
245 _aМатеріали VІ-ІХ острозької конференції "Острог на порозі 900-річчя" 1996-1998 роки.
300 _a271 с.
955 _a1
041 _aukr
080 _a908(477,8)
260 _aОстрог
_c2000
650 7 _a908 Краєзнавство
_2UDC
999 _c328229
_d328229